Conocer Madrid / (Record no. 27121)

MARC details
000 -LEADER
campo de control de longitud fija 01108nam a2200289 i 4500
001 - NÚMERO DE CONTROL
campo de control 27121
003 - IDENTIFICADOR DE NÚMERO DE CONTROL
campo de control ES-MaACL
005 - FECHA Y HORA DE LA ÚLTIMA TRANSACCIÓN
campo de control 20250605063104.0
007 - CAMPO FIJO DE DESCRIPCIÓN FÍSICA--INFORMACIÓN GENERAL
campo de control de longitud fija t|
008 - DATOS DE LONGITUD FIJA--INFORMACIÓN GENERAL
campo de control de longitud fija 030113s1982 sp ||||1| spa d
017 ## - NÚMERO DE COPYRIGHT O DE DEPÓSITO LEGAL
Número de copyright o de depósito legal M 8471-1982
020 ## - NÚMERO INTERNACIONAL ESTÁNDAR DEL LIBRO
Número Internacional Estándar del Libro 8450052661
040 ## - FUENTE DE CATALOGACIÓN
Centro/agencia transcriptor ES-MaACL
110 00 - ENTRADA PRINCIPAL--NOMBRE DE ENTIDAD CORPORATIVA
Nombre de entidad corporativa o nombre de jurisdicción como elemento de entrada Madrid.
Unidad subordinada Oficina Municipal del Plan de Ordenación Urbana
9 (RLIN) 5628
245 10 - MENCIÓN DEL TÍTULO
Título Conocer Madrid /
Mención de responsabilidad, etc. Oficina Municipal de Madrid del Plan del Ayuntamiento de Madrid ; [redacción: Equipo "Viajar", Mercedes Reig, Manuel Rodríguez, Mercedes Sánchez-Rau, Alfredo Taberna, MaríaUnceta].
260 ## - PUBLICACIÓN, DISTRIBUCIÓN, ETC.
Lugar de publicación, distribución, etc. [S.l. :
Nombre del editor, distribuidor, etc. s.n.,
Fecha de publicación, distribución, etc. 1982] (
Lugar de fabricación/manufactura Madrid :
Fabricante Artes Gráficas Mateu)
300 ## - DESCRIPCIÓN FÍSICA
Extensión 112 p. :
Otras características físicas il. ;
Dimensiones 21 cm.
700 0# - ENTRADA AGREGADA--NOMBRE PERSONAL
Nombre de persona Reig, Mercedes
9 (RLIN) 95995
Término indicativo de función/relación Autor
700 0# - ENTRADA AGREGADA--NOMBRE PERSONAL
Nombre de persona Sánchez-Rau, Mercedes
Término indicativo de función/relación Autor
9 (RLIN) 240789
700 0# - ENTRADA AGREGADA--NOMBRE PERSONAL
Nombre de persona Unceta, María
Término indicativo de función/relación Autor
9 (RLIN) 240790
700 1# - ENTRADA AGREGADA--NOMBRE PERSONAL
Nombre de persona Tierno Galván, Enrique,
Término indicativo de función/relación Autor de introducción
9 (RLIN) 110235
Fechas asociadas al nombre 1918-1986
710 0# - ENTRADA AGREGADA--NOMBRE DE ENTIDAD CORPORATIVA
Nombre de entidad corporativa o nombre de jurisdicción como elemento de entrada Equipo "Viajar"
9 (RLIN) 3502
852 ## - LOCALIZACIÓN
Ubicación ES-MaACL
Número de control de estantería L-3898
Ubicación en estantería Depósito 2
Encuadernación Encuadernación rústica
942 ## - ELEMENTOS DE ENTRADA SECUNDARIOS (KOHA)
Tipo de ítem Koha Libro impreso
Suprimir en OPAC No
Holdings
Estatus retirado Estado de pérdida Estado de daño No para préstamo Biblioteca de origen Biblioteca actual Ubicación en estantería Fecha de adquisición Fuente de adquisición Total de préstamos Signatura topográfica completa Código de barras Visto por última vez Precio de reemplazo Tipo de ítem Koha
        Biblioteca del Ateneo de Madrid Biblioteca del Ateneo de Madrid Depósito 2 17/01/2008     L-3898 1027992 23/02/2023 23/02/2023 Libro impreso